| 000 | 00364nam a2200133 a 4500 | ||
|---|---|---|---|
| 005 | 20140412111326.0 | ||
| 008 | 110312s19uu xx 00 eng d | ||
| 050 |
_aREF 030 _bD632 1999 |
||
| 245 | _aAnimals of the sea. | ||
| 260 |
_aItaly : _bPhoenix adventures in learning, _c1999. |
||
| 300 | _a57p. | ||
| 440 | _aDisney Children's Encyclopedia | ||
| 999 |
_c104624 _d104624 |
||